Statistics for Movies By 1 Actor and 1 Actress Part 11

Click here to take the quiz!

General Stats

  • This quiz has been taken 18 times
  • The average score is 7 of 26

Answer Stats

CastMovie% Correct
Sandra Bullock, George ClooneyGravity
82%
Natalie Portman, Hugo WeavingV for Vendetta
65%
Joaquin Phoenix, Scarlett JohanssonHer
53%
Jennifer Lopez, Ice CubeAnaconda
35%
Paul Rudd, Michelle PfeifferAnt-Man & The Wasp
35%
Gary Oldman, Winona RyderBram Stoker's Dracula
29%
Chris Pratt, Pom KlementieffGuardians of the Galaxy vol. 2
29%
Wesley Snipes, Jessica BielBlade Trinity
24%
50 Cent, Viola DavisGet Rich or Die Tryin'
24%
Kenneth Branagh, Penelope CruzMurder on the Orient Express
24%
Morgan Freeman, Paz Vega10 Items or Less
18%
Jeremy Renner, Imogen Poots28 Weeks Later
18%
Camila Cabello, Pierce BrosnanCinderella
18%
Viggo Mortensen, Lea SeydouxCrimes of the Future
18%
Mel Gibson, Laurie HoldenDragged Across Concrete
18%
Kurt Russell, Pam GrierEscape From L.A.
18%
Sylvester Stallone, Kim BasingerGrudge Match
18%
John Cusack, Julianne MooreMaps to the Stars
18%
Kirsten Dunst, Jason SchwartzmanMarie Antoinette
18%
Charlize Theron, Bruce DernMonster
18%
Elizabeth Taylor, Marlon BrandoReflections in a Golden Eye
18%
Kristen Stewart, Vince VaughnSeberg
18%
Jake Gyllenhaal, Toni ColletteVelvet Buzzsaw
18%
Nicolas Cage, Maria BelloWorld Trade Center
18%
Margaret Qualley, Willem DafoeDeath Note
12%
Zazie Beetz, Bill DukeHigh Flying Bird
12%

Score Distribution

Percentile by Number Answered

Percent of People with Each Score

Your Score History

You have not taken this quiz